[Event "Women's World Championship"]
[Site "Nalchik RUS"]
[Date "2008.09.01"]
[EventDate "2008.08.29"]
[Round "2.1"]
[Result "0-1"]
[White "Elisabeth Paehtz"]
[Black "Anna Ushenina"]
[WhiteElo "2481"]
[BlackElo "2476"]
[PlyCount "124"]

1. e4 c5 2. Nf3 Nc6 3. d4 cxd4 4. Nxd4 Nf6 5. Nc3 e5 6. Ndb5
d6 7. Bg5 a6 8. Na3 b5 9. Nd5 Be7 10. Bxf6 Bxf6 11. c4 bxc4
12. Nxc4 O-O 13. Ndb6 Rb8 14. Nxc8 Qxc8 15. Rc1 Nd4 16. Bd3
Bg5 17. Rc3 Rxb2 18. O-O Rxa2 19. Qb1 Ne2+ 20. Bxe2 Rxe2
21. Qd3 Ra2 22. Nxd6 Qd7 23. Qb1 Ra4 24. Qc2 Rd4 25. Nf5 Rd2
26. Qb3 g6 27. Ng3 Rd8 28. Rf3 Rd3 29. Qa2 Rxf3 30. gxf3 Qd3
31. Kg2 Rb8 32. Qd5 Rb3 33. Qxe5 Qxf3+ 34. Kg1 Rb5 35. Qe8+
Kg7 36. Qc6 Qf6 37. Qc4 Qb6 38. Kg2 Rb2 39. Qc3+ Kh6 40. Qh8
Be7 41. Qg8 Qf6 42. e5 Qe6 43. Qa8 Qxe5 44. Qxa6 Qd5+ 45. Kg1
Kg7 46. Qa1 Bf6 47. Qc1 Bd4 48. Qf4 h5 49. h3 Rb3 50. Re1 Rf3
51. Nf5+ gxf5 52. Qg5+ Kf8 53. Qe7+ Kg8 54. Qg5+ Bg7 55. Re8+
Kh7 56. Qxh5+ Bh6 57. Rd8 Qxd8 58. Qxf3 Qg5+ 59. Kf1 Qc1+
60. Kg2 Qc2 61. Qh5 Qe4+ 62. Kg1 Kg7 0-1

[Event "Women's World Championship"]
[Site "Nalchik RUS"]
[Date "2008.09.01"]
[EventDate "2008.08.29"]
[Round "2.2"]
[Result "1/2-1/2"]
[White "Anna Ushenina"]
[Black "Elisabeth Paehtz"]
[WhiteElo "2476"]
[BlackElo "2481"]
[PlyCount "98"]

1. d4 d6 2. e4 Nf6 3. Nc3 g6 4. Bg5 Bg7 5. Qd2 h6 6. Bh4 O-O
7. f4 a6 8. a4 Nc6 9. Nf3 Bg4 10. d5 Nb4 11. Be2 c6 12. h3
Bxf3 13. Bxf3 cxd5 14. exd5 a5 15. O-O Rc8 16. Rfe1 Re8
17. Rac1 Nd7 18. Nd1 Nc5 19. b3 Qc7 20. Rb1 e5 21. dxe6 fxe6
22. c3 Nc6 23. Ne3 Ne7 24. Bxe7 Rxe7 25. Qc2 Rf8 26. b4 Na6
27. Qxg6 Rf6 28. Qg3 Kh8 29. Ng4 Rff7 30. Rbc1 Qc4 31. Re4 Qc7
32. Qh4 d5 33. Nxh6 dxe4 34. Nxf7+ Kg8 35. Bh5 Rxf7 36. Bxf7+
Kxf7 37. Rd1 axb4 38. cxb4 Nxb4 39. Rd8 Qc5+ 40. Kh2 Nc6
41. Rd7+ Ne7 42. Rxb7 e3 43. a5 e2 44. a6 Bc3 45. Qh7+ Kf6
46. Qh4+ Kf7 47. Qh7+ Bg7 48. Qh4 Bc3 49. Qh7+ Kf6 1/2-1/2

[Event "Women's World Championship"]
[Site "Nalchik RUS"]
[Date "2008.09.04"]
[EventDate "2008.08.29"]
[Round "3.2"]
[Result "1-0"]
[White "Anna Ushenina"]
[Black "Svetlana Matveeva"]
[WhiteElo "2476"]
[BlackElo "2412"]
[PlyCount "147"]

1. d4 g6 2. e4 Bg7 3. Nf3 d6 4. Bc4 c6 5. Bb3 Nf6 6. e5 dxe5
7. Nxe5 O-O 8. O-O Na6 9. Re1 Nc7 10. c3 Be6 11. Nd2 Bd5
12. Ndf3 Qc8 13. Bg5 h6 14. Bh4 Rd8 15. Qe2 e6 16. Bc2 Nce8
17. Qe3 b5 18. Nd2 Qb7 19. Nd3 a5 20. h3 Qa7 21. Nc5 a4 22. a3
Qe7 23. Nde4 g5 24. Nxf6+ Nxf6 25. Bg3 Nh5 26. Bh2 Re8 27. Bd1
Nf6 28. Be5 Rad8 29. Bf3 Qf8 30. Nb7 Rd7 31. Nc5 Ra7 32. Rad1
Nd7 33. Bxg7 Qxg7 34. Bxd5 cxd5 35. Nxd7 Rxd7 36. Qd3 Rb7
37. Re5 Rb6 38. Rf1 Rd8 39. Re3 Kf8 40. f4 gxf4 41. Rxf4 Ke7
42. Rg3 Qh8 43. Rfg4 Qf6 44. Rf3 Qh8 45. Qe3 h5 46. Qg5+ f6
47. Qg7+ Kd6 48. Qxh8 Rf8 49. Qg8 Rxg8 50. Rg6 Rh8 51. Rfxf6
Rbb8 52. Kf2 Rbf8 53. Rxf8 Rxf8+ 54. Ke2 Rf5 55. g4 hxg4
56. hxg4 Rf4 57. Rg7 Re4+ 58. Kd2 Rf4 59. g5 Rf2+ 60. Kc1 Rf1+
61. Kc2 Rf2+ 62. Kb1 Rf1+ 63. Ka2 Rg1 64. Rg8 Kc6 65. g6 Kb6
66. g7 Kb7 67. b4 Rg2+ 68. Kb1 Ka7 69. Kc1 Kb7 70. Kd1 Ka7
71. Ke1 Kb7 72. Kf1 Rg6 73. Kf2 Rf6+ 74. Kg3 1-0

[Event "Women's Olympiad"]
[Site "Dresden GER"]
[Date "2008.11.16"]
[EventDate "2008.11.13"]
[Round "4"]
[Result "1-0"]
[White "Deimante Cornette"]
[Black "Anna Ushenina"]
[WhiteElo "2278"]
[BlackElo "2496"]
[PlyCount "81"]

1. e4 c6 2. d4 d5 3. Nd2 h6 4. Ngf3 Bg4 5. c3 Nf6 6. e5 Nfd7
7. Bd3 e6 8. h3 Bxf3 9. Nxf3 c5 10. O-O Nc6 11. Be3 cxd4
12. cxd4 Be7 13. Rc1 Qb6 14. Qe2 Nb4 15. Bb1 Qa6 16. Qxa6 Nxa6
17. a3 Kd8 18. Bd3 Rc8 19. Bd2 Rxc1 20. Rxc1 Nc7 21. Ne1 Nb8
22. f4 Nc6 23. Nf3 Kd7 24. Kf2 b5 25. g4 Rb8 26. f5 a5 27. h4
a4 28. Bc2 Na8 29. g5 hxg5 30. hxg5 Nb6 31. f6 gxf6 32. gxf6
Bf8 33. Rh1 Nc4 34. Bc1 b4 35. Bxa4 bxa3 36. bxa3 Rb1 37. Rh7
Rxc1 38. Rxf7+ Ke8 39. Rc7 N4a5 40. Ng5 Bxa3 41. Nxe6 1-0

[Event "Women's Olympiad"]
[Site "Dresden GER"]
[Date "2008.11.17"]
[EventDate "2008.11.13"]
[Round "5"]
[Result "1-0"]
[White "Anna Ushenina"]
[Black "Regina Pokorna"]
[WhiteElo "2496"]
[BlackElo "2376"]
[PlyCount "63"]

1. d4 Nf6 2. c4 e6 3. Nf3 b6 4. g3 Bb7 5. Bg2 Be7 6. O-O O-O
7. Re1 Na6 8. Nc3 Ne4 9. Bf4 f5 10. h4 Bf6 11. Nxe4 Bxe4
12. Qa4 Qc8 13. Bg5 Bxg5 14. Nxg5 Bxg2 15. Kxg2 c5 16. Rad1
Qb7+ 17. Kg1 Rac8 18. e3 Nb8 19. Rd2 a6 20. d5 e5 21. f4 Rce8
22. Qd1 h6 23. Nf3 d6 24. fxe5 dxe5 25. e4 Qf7 26. Rg2 Nd7
27. Qe2 Qg6 28. Nd2 Rf6 29. h5 Qg4 30. exf5 Qd4+ 31. Kh1 Rxf5
32. Nb3 1-0

[Event "Snowdrops and Old-hands"]
[Site "Marianske Lazne"]
[Date "2008.11.29"]
[EventDate "2008.??.??"]
[Round "1"]
[Result "1-0"]
[White "Anna Ushenina"]
[Black "Fridrik Olafsson"]
[WhiteElo "2466"]
[BlackElo "2434"]
[PlyCount "69"]

1. d4 Nf6 2. c4 e6 3. Nc3 Bb4 4. Qc2 O-O 5. e4 c5 6. e5 cxd4
7. a3 Ng4 8. axb4 dxc3 9. Qe2 cxb2 10. Bxb2 f5 11. h3 Nh6
12. g3 d5 13. Bg2 dxc4 14. Qxc4 Nc6 15. b5 Ne7 16. Ne2 Nd5
17. O-O Qe8 18. Rfd1 f4 19. Nxf4 Nxf4 20. gxf4 Bd7 21. b6 Bb5
22. Qb3 a6 23. Rd6 Kh8 24. Qxe6 Qh5 25. Bxb7 Rae8 26. Qb3 Nf5
27. Rd2 Qg6+ 28. Kh2 Qh6 29. Qf3 Nh4 30. Qg3 Rxf4 31. Rd6 Nf5
32. Rxh6 Nxg3 33. Kxg3 Rb4 34. Rd6 Rxb2 35. e6 1-0

[Event "Snowdrops and Old-hands"]
[Site "Marianske Lazne"]
[Date "2008.12.04"]
[EventDate "2008.??.??"]
[Round "6"]
[Result "0-1"]
[White "Anna Ushenina"]
[Black "Vlastimil Hort"]
[WhiteElo "2466"]
[BlackElo "2494"]
[PlyCount "54"]

1. d4 f5 2. g3 Nf6 3. Bg2 g6 4. Nf3 Bg7 5. O-O O-O 6. c4 d6
7. Nc3 Qe8 8. d5 Na6 9. Nd4 Bd7 10. Rb1 c6 11. dxc6 bxc6
12. b4 Rc8 13. Nc2 Qf7 14. Ne3 f4 15. Qa4 fxe3 16. Qxa6 Ng4
17. Qxa7 Bf5 18. Rb3 exf2+ 19. Kh1 Qxc4 20. e4 Be6 21. h3 Bxc3
22. hxg4 Qd4 23. Qxe7 Rce8 24. Qc7 Bxb3 25. axb3 Qd3 26. Bf4
Rxf4 27. Qxc6 Rff8 0-1

[Event "Snowdrops and Old-hands"]
[Site "Marianske Lazne"]
[Date "2008.12.06"]
[EventDate "2008.??.??"]
[Round "8"]
[Result "1-0"]
[White "Anna Ushenina"]
[Black "Wolfgang Uhlmann"]
[WhiteElo "2466"]
[BlackElo "2412"]
[PlyCount "123"]

1. d4 Nf6 2. c4 d6 3. Nc3 g6 4. e4 Bg7 5. Nge2 O-O 6. Ng3 h5
7. Be2 c5 8. d5 e5 9. Bg5 Qb6 10. h4 Nh7 11. Be3 Nd7 12. Qc2
Qd8 13. Nf1 a6 14. g4 hxg4 15. h5 Ndf6 16. hxg6 fxg6 17. Rg1
Bd7 18. Nh2 Qe8 19. O-O-O b5 20. Bxg4 Nxg4 21. Nxg4 bxc4
22. Qe2 Ra7 23. Rg2 Qf7 24. Nh6+ Bxh6 25. Bxh6 Be8 26. Bxf8
Nxf8 27. Qxc4 Bb5 28. Qb3 Qf4+ 29. Kb1 Qf3 30. Rdg1 Rh7
31. Qd1 Bd3+ 32. Kc1 Bxe4 33. Qxf3 Bxf3 34. Rg3 e4 35. Kd2 Rb7
36. b3 Kf7 37. Ke3 Rb4 38. Ne2 a5 39. Nf4 a4 40. bxa4 Rxa4
41. Nxg6 Rxa2 42. Nxf8 Kxf8 43. Rg6 Bh5 44. Rxd6 Re2+ 45. Kf4
Rxf2+ 46. Kxe4 Bf7 47. Rc6 Re2+ 48. Kd3 Rf2 49. Rxc5 Ke7
50. Ra5 Kd6 51. Rg5 Rf1 52. Ra6+ Kd7 53. Ke2 Rf4 54. Ke3 Rf1
55. Rg7 Kc8 56. Ra5 Kd7 57. Ra7+ Ke8 58. Rg5 Re1+ 59. Kd4 Rf1
60. Ke5 Kd8 61. Rg7 Ke8 62. Raxf7 1-0

[Event "10th European Individual Women's Championship"]
[Site "St Petersburg RUS"]
[Date "2009.03.08"]
[EventDate "2009.03.08"]
[Round "1"]
[Result "1-0"]
[White "Anna Ushenina"]
[Black "Ekaterini Fakhiridou"]
[WhiteElo "2499"]
[BlackElo "2257"]
[PlyCount "91"]

1. d4 Nf6 2. c4 c5 3. d5 e5 4. Nc3 d6 5. e4 Be7 6. h3 O-O
7. Nf3 Ne8 8. g4 g6 9. Bh6 Ng7 10. Bd3 Nd7 11. Qc2 Nf6 12. Ne2
Kh8 13. Ng3 Ng8 14. Bd2 Bd7 15. b4 b6 16. Rb1 Qc8 17. bxc5
bxc5 18. Bc3 Bd8 19. Rg1 Qa6 20. Kf1 Ba5 21. Ba1 Rae8 22. Kg2
Qc8 23. Kh2 f5 24. exf5 gxf5 25. Nh4 fxg4 26. Bxh7 Ne7 27. Bg6
Rf4 28. Bxe8 Qxe8 29. Ng2 Rf6 30. Ne3 Rh6 31. h4 Ng6 32. Ng2
Qe7 33. Rb8+ Bd8 34. Rh1 Nxh4 35. Nxh4 Nf5 36. Kg1 Nxh4
37. Kf1 Kg7 38. Bc3 Kf7 39. Bd2 Rh8 40. Ba5 Kg7 41. Bxd8 Rxd8
42. Rb7 Kg8 43. Rxa7 Qf6 44. Nh5 Qg5 45. Rxh4 Bf5 46. Rg7+ 1-0

[Event "10th European Individual Women's Championship"]
[Site "St Petersburg RUS"]
[Date "2009.03.09"]
[EventDate "2009.03.08"]
[Round "2"]
[Result "1/2-1/2"]
[White "Daria Charochkina"]
[Black "Anna Ushenina"]
[WhiteElo "2316"]
[BlackElo "2499"]
[PlyCount "47"]

1. e4 c5 2. Nf3 a6 3. c4 e6 4. d4 cxd4 5. Nxd4 Nf6 6. Bd3 Nc6
7. Nxc6 dxc6 8. O-O e5 9. Qe2 Bc5 10. h3 O-O 11. Nd2 Be6
12. Nb3 Ba7 13. Bd2 Nh5 14. Qf3 Qh4 15. Rac1 g5 16. c5 Rad8
17. g3 Qxh3 18. Bxg5 Bg4 19. Qe3 Nf4 20. Bxf4 exf4 21. Qxf4
Rxd3 22. Qg5+ Kh8 23. Qf6+ Kg8 24. Qg5+ 1/2-1/2

[Event "10th European Individual Women's Championship"]
[Site "St Petersburg RUS"]
[Date "2009.03.10"]
[EventDate "2009.03.08"]
[Round "3"]
[Result "1-0"]
[White "Anna Ushenina"]
[Black "Ilze Berzina"]
[WhiteElo "2499"]
[BlackElo "2308"]
[PlyCount "63"]

1. d4 d5 2. c4 e6 3. Nc3 Bb4 4. cxd5 exd5 5. Nf3 c6 6. a3 Be7
7. Qc2 Nf6 8. Bf4 O-O 9. e3 Nbd7 10. Bd3 h6 11. h3 c5 12. O-O
b6 13. Rad1 Bb7 14. Bf5 c4 15. Ne5 a6 16. e4 dxe4 17. Nxc4 Rc8
18. Ne5 Re8 19. Qb3 Rf8 20. Nxd7 Nxd7 21. Nxe4 Kh8 22. Nd6
Bxd6 23. Bxd6 Qg5 24. Bg4 f5 25. Bf3 Bxf3 26. Qxf3 Rfe8
27. Bf4 Qf6 28. Bd2 Rc2 29. Bc3 Ree2 30. Rde1 Rxe1 31. Rxe1
Qg5 32. Qd1 1-0

[Event "10th European Individual Women's Championship"]
[Site "St Petersburg RUS"]
[Date "2009.03.12"]
[EventDate "2009.03.08"]
[Round "5"]
[Result "1/2-1/2"]
[White "Anna Ushenina"]
[Black "Alina L'Ami"]
[WhiteElo "2499"]
[BlackElo "2358"]
[PlyCount "66"]

1. e4 c5 2. Nf3 d6 3. d4 cxd4 4. Nxd4 Nf6 5. Nc3 a6 6. Bg5 e6
7. f4 Qc7 8. Bxf6 gxf6 9. Qf3 b5 10. O-O-O b4 11. Nce2 Bb7
12. Ng3 Nd7 13. Qh5 Nc5 14. f5 O-O-O 15. fxe6 fxe6 16. Be2 Kb8
17. Bg4 Rc8 18. Kb1 Bg7 19. Ka1 Rhe8 20. Rhe1 b3 21. cxb3 f5
22. exf5 Bxd4 23. Rxd4 Nxb3+ 24. axb3 Qa5+ 25. Kb1 Qxe1+
26. Rd1 Be4+ 27. Nxe4 Qxe4+ 28. Ka2 exf5 29. Bf3 Qe5 30. Qxh7
Re7 31. Qh6 Rc2 32. Qxd6+ Qxd6 33. Rxd6 Ka7 1/2-1/2

[Event "10th European Individual Women's Championship"]
[Site "St Petersburg RUS"]
[Date "2009.03.14"]
[EventDate "2009.03.08"]
[Round "7"]
[Result "1-0"]
[White "Anna Ushenina"]
[Black "Oksana Gritsayeva"]
[WhiteElo "2499"]
[BlackElo "2341"]
[PlyCount "69"]

1. Nf3 c5 2. g3 b6 3. Bg2 Bb7 4. O-O Nf6 5. c4 e6 6. Nc3 Be7
7. d4 cxd4 8. Qxd4 d6 9. Rd1 a6 10. Be3 Nbd7 11. Ng5 Bxg2
12. Kxg2 O-O 13. f3 Qc7 14. Rac1 h6 15. Nge4 Ne8 16. g4 Rb8
17. b3 Ne5 18. Bf2 f5 19. gxf5 Rxf5 20. Bg3 Qb7 21. a4 Rd8
22. Rc2 Nc7 23. Rcd2 b5 24. axb5 axb5 25. cxb5 Nxb5 26. Qb4
Nf7 27. Ra1 Qc6 28. Nxb5 Rxb5 29. Qc4 Qd7 30. Ra6 Qb7 31. Qa4
Rd7 32. Bxd6 Nxd6 33. Nxd6 Rg5+ 34. Kf2 Rh5 35. Nxb7 1-0

[Event "10th European Individual Women's Championship"]
[Site "St Petersburg RUS"]
[Date "2009.03.18"]
[EventDate "2009.03.08"]
[Round "10"]
[Result "1-0"]
[White "Anastasia Bodnaruk"]
[Black "Anna Ushenina"]
[WhiteElo "2384"]
[BlackElo "2499"]
[PlyCount "183"]

1. e4 c6 2. d4 d5 3. f3 g6 4. Nc3 Bg7 5. e5 Nh6 6. f4 Bg4
7. Be2 Bxe2 8. Qxe2 Nf5 9. Nf3 h5 10. g3 e6 11. b3 Bf8 12. Bb2
Qa5 13. a3 Nd7 14. Qd2 Qc7 15. O-O Be7 16. Nd1 b5 17. Rc1 Nb6
18. Nf2 c5 19. dxc5 Bxc5 20. Rfe1 a6 21. Kg2 Kf8 22. Nd3 Be7
23. Qf2 Rc8 24. Nd4 Kg7 25. Nb4 Qb7 26. Nd3 Nd7 27. Red1 Rc7
28. Nxf5+ gxf5 29. Qf3 Nc5 30. Nxc5 Rxc5 31. h3 Qc7 32. Rd2 a5
33. Qe2 a4 34. Bd4 Rc6 35. b4 Rc4 36. c3 Kf8 37. Rg1 Qb7
38. g4 hxg4 39. hxg4 fxg4 40. Kf1 f5 41. exf6 Bxf6 42. Bc5+
Rxc5 43. bxc5 Bxc3 44. Qxe6 Qf7 45. Qc8+ Qe8 46. Qxg4 Qh5
47. Qc8+ Kf7 48. Qd7+ Kf8 49. Qd8+ Kf7 50. Qxd5+ Qxd5 51. Rxd5
b4 52. axb4 a3 53. Rd7+ Ke6 54. Ra7 Bxb4 55. Rg5 Rh4 56. Ra6+
Kf7 57. Rf5+ Ke7 58. Kg2 Rh8 59. Ra4 Rb8 60. Kf3 Rb5 61. Ra7+
Ke6 62. Re5+ Kf6 63. c6 Rb8 64. c7 Rc8 65. Ra6+ Kf7 66. Rh5
Bf8 67. Rh7+ Bg7 68. Rxa3 Rxc7 69. Ra6 Kg8 70. Rh5 Rb7 71. Rd5
Kf7 72. Kg4 Bc3 73. Rc5 Bd4 74. Rc4 Bf6 75. Rac6 Bd8 76. Ra6
Be7 77. Rca4 Bc5 78. R4a5 Be3 79. Rf5+ Kg7 80. Rg5+ Kf7
81. Rh6 Rb4 82. Rf5+ Kg7 83. Re6 Bd2 84. Kg5 Rd4 85. Re7+ Kg8
86. Rf6 Bb4 87. Rb7 Bd6 88. Kg6 Rd2 89. Rd7 Rg2+ 90. Kf5 Bc5
91. Rg6+ Rxg6 92. Kxg6 1-0

[Event "Russian Team Championship: Women's League"]
[Site "Dagomys RUS"]
[Date "2009.04.04"]
[EventDate "2009.04.02"]
[Round "3"]
[Result "1/2-1/2"]
[White "Natalia Zdebskaja"]
[Black "Anna Ushenina"]
[WhiteElo "2438"]
[BlackElo "2478"]
[PlyCount "51"]

1. e4 c5 2. Nf3 d6 3. d4 Nf6 4. Nc3 cxd4 5. Nxd4 Nc6 6. Be2 e5
7. Nf3 h6 8. O-O Be7 9. Re1 O-O 10. h3 a6 11. Bf1 Qc7 12. Re3
b5 13. Nd5 Nxd5 14. exd5 Nb8 15. a4 bxa4 16. Rxa4 Nd7 17. c4
Nc5 18. Ra2 Rb8 19. Bd2 f5 20. Ba5 Qb7 21. b4 Ne4 22. c5 dxc5
23. d6 Nxd6 24. bxc5 Ne4 25. Bc4+ Kh7 26. Rb3 1/2-1/2

[Event "Russian Team Championship: Women's League"]
[Site "Dagomys RUS"]
[Date "2009.04.05"]
[EventDate "2009.04.02"]
[Round "4"]
[Result "1-0"]
[White "Anna Ushenina"]
[Black "Elizaveta Bronnikova"]
[WhiteElo "2478"]
[BlackElo "2297"]
[PlyCount "65"]

1. e4 d6 2. d4 Nf6 3. Nc3 g6 4. Bg5 Bg7 5. Qd2 h6 6. Bh4 g5
7. Bg3 Nh5 8. Bc4 Nc6 9. Nge2 Nxg3 10. hxg3 e6 11. O-O-O Bd7
12. a3 Qe7 13. f4 O-O-O 14. Rhe1 Na5 15. Ba2 b6 16. Qd3 Kb8
17. Kb1 c5 18. Rd2 Bc8 19. Red1 Nc6 20. d5 Bxc3 21. Qxc3 Na5
22. dxe6 fxe6 23. Rxd6 Rxd6 24. Rxd6 Qxd6 25. Qxh8 gxf4
26. gxf4 Qd1+ 27. Nc1 Qg4 28. Qxh6 Qxg2 29. f5 exf5 30. Qd6+
Kb7 31. Bd5+ Ka6 32. b4 cxb4 33. axb4 1-0

[Event "Russian Team Championship: Women's League"]
[Site "Dagomys RUS"]
[Date "2009.04.07"]
[EventDate "2009.04.02"]
[Round "5"]
[Result "1-0"]
[White "Tatiana Kosintseva"]
[Black "Anna Ushenina"]
[WhiteElo "2522"]
[BlackElo "2478"]
[PlyCount "77"]

1. e4 c6 2. d4 d5 3. e5 c5 4. dxc5 Nc6 5. Nf3 Bg4 6. c3 e6
7. b4 Nge7 8. Bb5 g6 9. Nbd2 Bg7 10. h3 Bxf3 11. Nxf3 O-O
12. Bf4 f6 13. exf6 Bxf6 14. Bxc6 Nxc6 15. O-O Bxc3 16. Bh6
Rf5 17. b5 Ne5 18. Nd4 Rh5 19. Nxe6 Qd7 20. Nf4 Rxh6 21. Nxd5
Rf8 22. Qb3 Nf3+ 23. gxf3 Rf7 24. Rae1 Bg7 25. Nf4 Kh8 26. Qe6
Qxe6 27. Nxe6 Rh5 28. c6 bxc6 29. bxc6 Be5 30. Rxe5 Rxe5
31. c7 Rxc7 32. Nxc7 Rg5+ 33. Kh2 Rc5 34. Ne6 Rc2 35. Rb1 Kg8
36. Rb8+ Kf7 37. Ng5+ Kf6 38. Nxh7+ Ke5 39. a4 1-0

[Event "Russian Team Championship: Women's League"]
[Site "Dagomys RUS"]
[Date "2009.04.08"]
[EventDate "2009.04.02"]
[Round "6"]
[Result "1/2-1/2"]
[White "Svetlana Matveeva"]
[Black "Anna Ushenina"]
[WhiteElo "2410"]
[BlackElo "2478"]
[PlyCount "30"]

1. d4 d5 2. c4 dxc4 3. e3 e5 4. Bxc4 exd4 5. exd4 Bd6 6. Nf3
Nf6 7. O-O O-O 8. Nc3 Nc6 9. h3 h6 10. a3 Bf5 11. Re1 a6
12. Ne5 Bxe5 13. dxe5 Qxd1 14. Nxd1 Nd7 15. f4 Be6 1/2-1/2

[Event "Russian Team Championship: Women's League"]
[Site "Dagomys RUS"]
[Date "2009.04.09"]
[EventDate "2009.04.02"]
[Round "7"]
[Result "1/2-1/2"]
[White "Anna Ushenina"]
[Black "Natalia Pogonina"]
[WhiteElo "2478"]
[BlackElo "2501"]
[PlyCount "20"]

1. e4 e5 2. Nf3 Nc6 3. Bb5 a6 4. Ba4 Nf6 5. O-O Be7 6. Re1 b5
7. Bb3 O-O 8. d3 d6 9. c3 Bb7 10. Nbd2 h6 1/2-1/2

[Event "Yinzhou Cup Women World Teams"]
[Site "Ningbo CHN"]
[Date "2009.09.02"]
[EventDate "2009.09.02"]
[Round "1"]
[Result "1/2-1/2"]
[White "Anna Ushenina"]
[Black "Tatiana Kosintseva"]
[WhiteElo "2448"]
[BlackElo "2536"]
[PlyCount "115"]

1. d4 Nf6 2. c4 e6 3. Nf3 d5 4. Nc3 Bb4 5. cxd5 exd5 6. Qa4+
Nc6 7. Bg5 h6 8. Bxf6 Qxf6 9. e3 O-O 10. Be2 Be6 11. a3 Bd6
12. Nb5 Bg4 13. O-O Ne7 14. Nxd6 Qxd6 15. Rfc1 c6 16. Rc5 Nc8
17. Qc2 Nb6 18. Rc3 Nd7 19. b4 a6 20. a4 Nf6 21. Qb2 Ne4
22. Rcc1 Qf6 23. Rab1 Rfc8 24. b5 axb5 25. axb5 cxb5 26. h3
Bf5 27. Rxc8+ Rxc8 28. Ra1 Nd6 29. Qb3 Be6 30. Qb4 Bf5 31. Qb3
Be6 32. Qb4 Bd7 33. Ne5 Be8 34. Nd3 Rc2 35. Bf3 Rc4 36. Qb3
Ra4 37. Rc1 Rc4 38. Bxd5 Rxc1+ 39. Nxc1 Bc6 40. Nd3 Qf5
41. Ne5 Bxd5 42. Qxd5 Qf6 43. Qc5 Qe6 44. Qb6 Qe7 45. Qc5 f6
46. Ng6 Qd8 47. h4 Kh7 48. h5 f5 49. Nf4 Qd7 50. d5 Kg8
51. Ng6 Qd8 52. f3 Kf7 53. Kf2 Kg8 54. Ke2 Kh7 55. Kd3 Kg8
56. Ke2 Kh7 57. Kd3 Kg8 58. Ke2 1/2-1/2

[Event "Yinzhou Cup Women World Teams"]
[Site "Ningbo CHN"]
[Date "2009.09.03"]
[EventDate "2009.09.02"]
[Round "2"]
[Result "1/2-1/2"]
[White "Yifan Hou"]
[Black "Anna Ushenina"]
[WhiteElo "2585"]
[BlackElo "2448"]
[PlyCount "105"]

1. e4 c6 2. d4 d5 3. Nc3 dxe4 4. Nxe4 Bf5 5. Ng3 Bg6 6. h4 h6
7. Nf3 Nd7 8. h5 Bh7 9. Bd3 Bxd3 10. Qxd3 e6 11. Bd2 Ngf6
12. O-O-O Be7 13. Rhe1 O-O 14. Qe2 Qc7 15. Ne5 Bd6 16. Kb1
Rad8 17. f4 c5 18. dxc5 Bxc5 19. c4 Qb6 20. Bc3 Bb4 21. Nxd7
Nxd7 22. Ne4 Bxc3 23. Nxc3 Nf6 24. g4 Qc5 25. Rg1 Rxd1+
26. Rxd1 a6 27. Ne4 Nxe4 28. Qxe4 Rc8 29. a3 b5 30. cxb5 Qxb5
31. Rd4 a5 32. Ka2 Rb8 33. Qc2 e5 34. fxe5 Qxe5 35. Qc4 Qf6
36. Rd2 Qf3 37. Rd3 Qf6 38. Rb3 Rd8 39. Rb5 Rd4 40. Qc8+ Rd8
41. Qc4 Rd4 42. Rb8+ Rd8 43. Rxd8+ Qxd8 44. Qb5 g6 45. hxg6
fxg6 46. Qc4+ Kg7 47. Qc3+ Kh7 48. Qe5 a4 49. Qe4 Qd1 50. Qe7+
Kg8 51. Qe6+ Kg7 52. Qe7+ Kg8 53. Qe6+ 1/2-1/2

[Event "Yinzhou Cup Women World Teams"]
[Site "Ningbo CHN"]
[Date "2009.09.05"]
[EventDate "2009.09.02"]
[Round "4"]
[Result "1/2-1/2"]
[White "Iweta Radziewicz Rajlich"]
[Black "Anna Ushenina"]
[WhiteElo "2465"]
[BlackElo "2448"]
[PlyCount "66"]

1. d4 d5 2. c4 e6 3. Nc3 Bb4 4. Nf3 Ne7 5. Qb3 Nbc6 6. a3
Bxc3+ 7. Qxc3 a5 8. b3 O-O 9. g3 Nf5 10. Bg2 Nce7 11. O-O b6
12. c5 Ba6 13. Qd2 Rb8 14. g4 Nh6 15. h3 Kh8 16. Qc2 Nhg8
17. Bf4 bxc5 18. dxc5 f6 19. Rfe1 e5 20. Bd2 Nc6 21. e3 Nge7
22. Bc3 e4 23. Nd4 Nxd4 24. Bxd4 Nc6 25. Bc3 Qe7 26. b4 Ne5
27. Qd2 c6 28. Bxe5 Qxe5 29. Qd4 Qxd4 30. exd4 Bd3 31. bxa5
Ra8 32. f3 exf3 33. Bxf3 Rxa5 1/2-1/2

[Event "Yinzhou Cup Women World Teams"]
[Site "Ningbo CHN"]
[Date "2009.09.06"]
[EventDate "2009.09.02"]
[Round "5"]
[Result "1-0"]
[White "Anna Ushenina"]
[Black "Hoang Thi Bao Tram"]
[WhiteElo "2448"]
[BlackElo "2265"]
[PlyCount "71"]

1. e4 e5 2. Bc4 Nc6 3. Nf3 Nf6 4. d3 Bc5 5. c3 d6 6. O-O O-O
7. Bb3 Bb6 8. Nbd2 Ne7 9. Nc4 Ng6 10. Re1 Qe7 11. h3 h6
12. Nxb6 axb6 13. d4 Be6 14. Bc2 Ra5 15. a3 Nh7 16. Nh2 Qh4
17. Qf3 Ng5 18. Qg3 Qxg3 19. fxg3 Re8 20. Nf3 Nxf3+ 21. gxf3
exd4 22. cxd4 Bxh3 23. g4 h5 24. b4 Raa8 25. gxh5 Nf8 26. Kf2
g6 27. Rh1 Bd7 28. d5 Re5 29. hxg6 fxg6 30. Bb2 Rg5 31. Rh8+
Kf7 32. Rah1 Ba4 33. Bd3 Re8 34. Be2 c6 35. f4 Rh5 36. R1xh5
1-0

[Event "Yinzhou Cup Women World Teams"]
[Site "Ningbo CHN"]
[Date "2009.09.08"]
[EventDate "2009.09.02"]
[Round "6"]
[Result "1-0"]
[White "Tan Zhongyi"]
[Black "Anna Ushenina"]
[WhiteElo "2435"]
[BlackElo "2448"]
[PlyCount "75"]

1. d4 d5 2. c4 c6 3. Nf3 Nf6 4. Nc3 e6 5. Bg5 Nbd7 6. e3 Qa5
7. Nd2 Bb4 8. Qc2 O-O 9. Be2 e5 10. O-O exd4 11. Nb3 Qc7
12. Nxd4 dxc4 13. Bxc4 Ne5 14. Be2 Neg4 15. Bf4 Qe7 16. h3 Ne5
17. Rfd1 Ng6 18. Bg3 Re8 19. Bd3 Ba5 20. Bf5 Rd8 21. Bxc8
Raxc8 22. Nf5 Qe6 23. Nd6 Rc7 24. Nc4 Rxd1+ 25. Nxd1 Qd5
26. Nxa5 Qxa5 27. Bxc7 Qxc7 28. Nc3 Qe5 29. Rd1 h5 30. Qb3 Qc7
31. Qa4 Qb6 32. Qd4 Qxb2 33. Rb1 Qc2 34. Rxb7 Qc1+ 35. Kh2 Qe1
36. Ne4 Nxe4 37. Qxe4 Qxf2 38. Qe8+ 1-0

[Event "Yinzhou Cup Women World Teams"]
[Site "Ningbo CHN"]
[Date "2009.09.10"]
[EventDate "2009.09.02"]
[Round "8"]
[Result "1/2-1/2"]
[White "Anna Ushenina"]
[Black "Dronavalli Harika"]
[WhiteElo "2448"]
[BlackElo "2474"]
[PlyCount "36"]

1. d4 Nf6 2. c4 g6 3. Nc3 Bg7 4. e4 d6 5. h3 O-O 6. Be3 c5
7. d5 e6 8. Nf3 exd5 9. cxd5 Re8 10. Bd3 a6 11. O-O Nbd7
12. a4 Rb8 13. Bf4 Qc7 14. Re1 Nh5 15. Be3 Ne5 16. Nxe5 Bxe5
17. Rc1 Qd8 18. Qd2 Qf6 1/2-1/2

[Event "17th European Team Championship (Women)"]
[Site "Novi Sad SRB"]
[Date "2009.10.29"]
[EventDate "2009.10.22"]
[Round "8"]
[Result "1-0"]
[White "Lilit Galojan"]
[Black "Anna Ushenina"]
[WhiteElo "2326"]
[BlackElo "2474"]
[PlyCount "101"]

1. Nf3 Nf6 2. c4 e6 3. e3 d5 4. Nc3 c6 5. b3 Nbd7 6. Bb2 b6
7. Be2 Bb7 8. Qc2 Bd6 9. cxd5 exd5 10. g4 Nc5 11. Nd4 Ne6
12. Nxe6 fxe6 13. g5 Nd7 14. Bh5+ Ke7 15. Ne2 g6 16. Bg4 Ne5
17. Bxe5 Bxe5 18. d4 Bd6 19. h4 c5 20. Qb2 cxd4 21. f4 h5
22. Bh3 Bb4+ 23. Kd1 e5 24. Nxd4 exd4 25. Qxd4 Kf7 26. Qxb4 d4
27. e4 Bxe4 28. Re1 Re8 29. Rc1 Kg7 30. Kd2 a5 31. Qc4 Ra7
32. Be6 Ba8 33. Qb5 Qb8 34. Qe5+ Qxe5 35. Rxe5 Rf8 36. Rf1 a4
37. f5 gxf5 38. Rexf5 Rxf5 39. Rxf5 axb3 40. Bxb3 Be4 41. Rb5
Ra8 42. Rxb6 Rf8 43. Rd6 Rf2+ 44. Kc1 Rf1+ 45. Kb2 Rf2+
46. Ka3 d3 47. Rd7+ Kf8 48. Rd8+ Kg7 49. Rd7+ Kg6 50. Bg8 Kf5
51. Rf7+ 1-0